<?xml version="1.0" encoding="UTF-8"?>
<record
    xmlns:xsi="http://www.w3.org/2001/XMLSchema-instance"
    xsi:schemaLocation="http://www.loc.gov/MARC21/slim http://www.loc.gov/standards/marcxml/schema/MARC21slim.xsd"
    xmlns="http://www.loc.gov/MARC21/slim">

  <leader>02612cam a2200373 a 4500</leader>
  <controlfield tag="001">17130106</controlfield>
  <controlfield tag="003">OSt</controlfield>
  <controlfield tag="005">20230302144334.0</controlfield>
  <controlfield tag="008">120119s2013    maua     b    001 0 eng  </controlfield>
  <datafield tag="010" ind1=" " ind2=" ">
    <subfield code="a">  2012002459</subfield>
  </datafield>
  <datafield tag="020" ind1=" " ind2=" ">
    <subfield code="a">9780763799649 (pbk.)</subfield>
  </datafield>
  <datafield tag="020" ind1=" " ind2=" ">
    <subfield code="a">0763799645 (pbk.)</subfield>
  </datafield>
  <datafield tag="020" ind1=" " ind2=" ">
    <subfield code="a">9781449679590</subfield>
  </datafield>
  <datafield tag="035" ind1=" " ind2=" ">
    <subfield code="a">(DNLM)101576578</subfield>
  </datafield>
  <datafield tag="040" ind1=" " ind2=" ">
    <subfield code="a">DNLM/DLC</subfield>
    <subfield code="c">LC</subfield>
    <subfield code="d">DLC</subfield>
  </datafield>
  <datafield tag="042" ind1=" " ind2=" ">
    <subfield code="a">pcc</subfield>
  </datafield>
  <datafield tag="050" ind1="0" ind2="0">
    <subfield code="a">RA441.G57</subfield>
  </datafield>
  <datafield tag="060" ind1="1" ind2="0">
    <subfield code="a">WA 530.1</subfield>
  </datafield>
  <datafield tag="082" ind1="0" ind2="0">
    <subfield code="a">362.1</subfield>
    <subfield code="2">23</subfield>
  </datafield>
  <datafield tag="245" ind1="0" ind2="0">
    <subfield code="a">Global health care: issues and policies. /</subfield>
    <subfield code="c">[edited by] Carol Holtz.</subfield>
  </datafield>
  <datafield tag="250" ind1=" " ind2=" ">
    <subfield code="a">2nd ed.</subfield>
  </datafield>
  <datafield tag="260" ind1=" " ind2=" ">
    <subfield code="a">Burlington, MA:</subfield>
    <subfield code="b">Jones &amp; Bartlett Learning,</subfield>
    <subfield code="c">2013.</subfield>
  </datafield>
  <datafield tag="300" ind1=" " ind2=" ">
    <subfield code="a">xxvi, 613 p. :</subfield>
    <subfield code="b">ill. ;</subfield>
    <subfield code="c">23 cm.</subfield>
  </datafield>
  <datafield tag="504" ind1=" " ind2=" ">
    <subfield code="a">Includes bibliographical references and index.</subfield>
  </datafield>
  <datafield tag="505" ind1="0" ind2=" ">
    <subfield code="a">Contents: Global health issues, policy, and healthcare delivery: Global health: an introduction -- Global health in developed societies :examples in the United States, Sweden, Japan, and the United Kingdom -- Developing countries :Egypt, China, India, and South Africa -- Global perspectives of economics and healthcare -- Global perspectives on politics and public health policy: the case of Tobacco -- Ethics of end-of-life care from a global perspective -- Special global health and healthcare issues: Infectious diseases from a global perspective -- HIV/AIDS, stigma, and disclosure :a need for a human rights perspective -- Global use of complementary and alternative medicine and treatments -- Global perspectives on selected chronic cardiovascular diseases -- Global perspectives on diabetes, respiratory diseases and orthopedic chronic diseases -- Cancer as a public health problem: an overview for allied healthcare professionals -- Global perspectives on violence, injury, and occupational health -- Global perspectives on nutrition -- Global perspectives on mental health -- Global perspectives on environmental health -- Life span health issues: Global health in reproduction and infants -- Global health of children -- Global health of the older adult -- Worldwide health issues and trends by specific country: A unique perspective on health care in Panama -- Health and health care in Mexico -- Health and healthcare in Israel -- Establishing medical and nursing education programs in the country of Georgia -- </subfield>
  </datafield>
  <datafield tag="650" ind1=" " ind2="0">
    <subfield code="a">World health.</subfield>
    <subfield code="9">969</subfield>
  </datafield>
  <datafield tag="650" ind1=" " ind2="0">
    <subfield code="a">Cross-cultural comparison</subfield>
    <subfield code="9">970</subfield>
  </datafield>
  <datafield tag="650" ind1=" " ind2="0">
    <subfield code="a">Delivery of Health Care</subfield>
    <subfield code="9">971</subfield>
  </datafield>
  <datafield tag="650" ind1=" " ind2="0">
    <subfield code="a">Health Policy</subfield>
    <subfield code="9">972</subfield>
  </datafield>
  <datafield tag="700" ind1="1" ind2=" ">
    <subfield code="a">Holtz, Carol.</subfield>
    <subfield code="9">973</subfield>
  </datafield>
  <datafield tag="906" ind1=" " ind2=" ">
    <subfield code="a">7</subfield>
    <subfield code="b">cbc</subfield>
    <subfield code="c">orignew</subfield>
    <subfield code="d">1</subfield>
    <subfield code="e">ecip</subfield>
    <subfield code="f">20</subfield>
    <subfield code="g">y-gencatlg</subfield>
  </datafield>
  <datafield tag="942" ind1=" " ind2=" ">
    <subfield code="2">lcc</subfield>
    <subfield code="c">BK</subfield>
  </datafield>
  <datafield tag="999" ind1=" " ind2=" ">
    <subfield code="c">9408</subfield>
    <subfield code="d">16908</subfield>
  </datafield>
  <datafield tag="952" ind1=" " ind2=" ">
    <subfield code="0">0</subfield>
    <subfield code="1">0</subfield>
    <subfield code="2">lcc</subfield>
    <subfield code="4">0</subfield>
    <subfield code="7">0</subfield>
    <subfield code="a">WIUC-KL</subfield>
    <subfield code="b">WIUC-KL</subfield>
    <subfield code="c">NURS L.</subfield>
    <subfield code="d">2023-02-09</subfield>
    <subfield code="l">0</subfield>
    <subfield code="o">RA441.G57(2e)</subfield>
    <subfield code="p">KSN/1078/025/23</subfield>
    <subfield code="r">2023-03-02 00:00:00</subfield>
    <subfield code="w">2023-03-02</subfield>
    <subfield code="y">BK</subfield>
  </datafield>
</record>
